Sports Quiz

Random Sports or NFL Quiz

NFL 150+ Rushing Yard Games (2000s) Quiz Stats

 Plays Quiz Updated Nov 9, 2016

Challenge
Share
Tweet
Embed
Score 0/89 Timer 12:00
1 Play Today
Number of Times Player % Correct
16LaDainian Tomlinson
97.5%
5Chris Johnson
93.5%
9Larry Johnson
93.3%
5Rudi Johnson
93.1%
6Adrian Peterson
92.3%
2Domanick Williams
91.2%
11Shaun Alexander
90.8%
4Thomas Jones
90.3%
3Julius Jones
90.3%
2Kevin Jones
90.2%
7Ricky Williams
89.8%
4DeAngelo Williams
89.8%
2Cadillac Williams
89.6%
5Frank Gore
89.5%
12Ahman Green
89.1%
4Steven Jackson
88.9%
2Fred Jackson
88.8%
1William Green
88.8%
8Tiki Barber
88.3%
8Marshall Faulk
88.2%
10Jamal Lewis
86.3%
9Priest Holmes
85.6%
8Clinton Portis
83.5%
2Maurice Jones-Drew
79.4%
8Fred Taylor
79.2%
2Chester Taylor
78.9%
5Michael Turner
77.5%
3Edgerrin James
77.3%
6Corey Dillon
76.4%
2Jerome Bettis
76%
Number of Times Player % Correct
5Curtis Martin
73.8%
1Emmitt Smith
71.2%
1Robert Smith
71.1%
3Lamar Smith
71%
1Antowain Smith
71%
1Kolby Smith
71%
4Warrick Dunn
69.4%
1Michael Bush
69%
4Stephen Davis
68.8%
2Rashard Mendenhall
66.8%
1Jonathan Stewart
66.7%
2James Stewart
66.6%
3Eddie George
66.2%
3Willie Parker
65.3%
2Jamaal Charles
65.3%
1Joseph Addai
64.5%
2DeShaun Foster
64%
2Ray Rice
63.8%
1Ahmad Bradshaw
63.6%
1Ronnie Brown
60.3%
2Chris Brown
60.2%
3Deuce McAllister
60.1%
1Brian Westbrook
60%
1Ryan Grant
59.8%
2Willis McGahee
58.7%
2Cedric Benson
58%
1Marshawn Lynch
57%
2Michael Vick
56.9%
1Darren McFadden
56.2%
4Mike Anderson
54.2%
Number of Times Player % Correct
3Anthony Thomas
51.2%
5Travis Henry
45%
2Derrick Ward
38.6%
1Steve Slaton
35.9%
2Duce Staley
35.2%
4Reuben Droughns
32.6%
1Justin Fargas
26.7%
1Dominic Rhodes
25.7%
2Ladell Betts
24%
1Laurence Maroney
23.9%
1Jerome Harrison
22.5%
1Ricky Watters
22%
1Michael Bennett
21.5%
1Selvin Young
20.8%
1Charlie Garner
18.8%
2Kevan Barlow
17.6%
1Ron Dayne
17.2%
1LaMont Jordan
16.8%
1Tyrone Wheatley
13.1%
1Samkon Gado
10%
1Trung Canidate
8.5%
1Tony Richardson
7.8%
1Najeh Davenport
5.1%
1Troy Hambrick
4.8%
1Marcel Shipp
4.6%
1Derrick Blaylock
4.6%
1Quentin Griffin
4.5%
1Lee Suggs
3.5%
1Richard Huntley
0.8%

You're not logged in!

Compare scores with friends on all Sporcle quizzes.
OR
Log In

You Might Also Like...

Show Comments

Extras

Top Quizzes Today


Score Distribution

Your Account Isn't Verified!

In order to create a playlist on Sporcle, you need to verify the email address you used during registration. Go to your Sporcle Settings to finish the process.

Report this User

Report this user for behavior that violates our Community Guidelines.

Details: